01291 2200289 4500001002100000005001500021035002000036007000300056040002200059082001500081084001700096090002100113090002200134245012700156300003800283500012400321650003400445850001200479110026400491264008700755336002100842337003000863338002300893008004100916999002200957990002200979INLIS00000000085442920200226085807 a0010-0220000599ta aYOPDYOGbinderda04223a307.14 a307.14 YOG l aDEP 307.14 YOG l aCB-D.11 2018-3573 0aLaporan akhir penyusunan blueprint pengembangan dan pemberdayaan masyarakat pada kegiatan usaha pertambangan DIY taun 2018 avi, 156 halaman :btabel ;c29 cm aDilengkapi dengan lampiran perhitungan IPM, lampiran peta-peta, dan lampiran hasil (saran) FGD masyarakat dan pengusaha 4aMasyarakat desa, pengembangan aYOPDYOG2 aYogyakarta. Dinas Pekerjaan Umum Perumahan dan Energi Sumber Daya Mineral Pemerintah Daarah Daerah Istimewa Yogyakartaepenerbitf2018tLaporan akhir penyusunan blueprint pengembangan dan pemberdayaan masyarakat pada kegiatan usaha pertambangan DIY tahun 2018 1aYogyakarta :bDinas Pekerjaan Umum Perumahan dan Energi Sumber Daya Mineral,c2018 2rdacontentateks 2rdamediaatanpa perantara 2rdacarrieravolume200224s2018 yoij g t l0 0 ind d aCB-D.11/2018-3573 aCB-D.11/2018-3573